Licence to sublet (Record no. 66825)
[ view plain ]
| 000 -LEADER | |
|---|---|
| fixed length control field | 01320cam a2200217 4500 |
| 001 - CONTROL NUMBER | |
| control field | WB3716-15 |
| 008 - FIXED-LENGTH DATA ELEMENTS--GENERAL INFORMATION | |
| fixed length control field | 000000n2001 000 0 eng u |
| 035 ## - SYSTEM CONTROL NUMBER | |
| System control number | (Sirsi) u112202 |
| 245 ## - TITLE STATEMENT | |
| Title | Licence to sublet |
| 260 ## - PUBLICATION, DISTRIBUTION, ETC. | |
| Date of publication, distribution, etc. | 2001 |
| 490 ## - SERIES STATEMENT | |
| Series statement | Estates Gazette |
| Volume/sequential designation | [2001] EGCS 54 (21/04/01) |
| 520 ## - SUMMARY, ETC. | |
| Summary, etc. | "Allied Dunbar Assurance plc v Homebase Ltd and another", ChD 11 April 2001. The defendant tenant held a lease on retail premises which included a qualified covenant against subletting without prior consent of the claimant landlord, subject to a number of provisos. In March 1998 the tenant informed the landlord that it was closing the store and enlisted estate agents to find a subtenant. When a subtenant had been found, the tenant made an application with details of the proposed underlease and a further deed. The landlord withheld consent and sought an order to restrain the tenant from proceeding with the subletting claiming that the provisos had not been complied with. Held, the decision went in the landlords favour. |
| 590 ## - LOCAL NOTE (RLIN) | |
| Local note | WB |
| 650 ## - SUBJECT ADDED ENTRY--TOPICAL TERM | |
| Topical term or geographic name entry element | COMMERCIAL LEASES |
| 650 ## - SUBJECT ADDED ENTRY--TOPICAL TERM | |
| Topical term or geographic name entry element | HOMEBASE LTD AND ANOTHER V ALLIED DUNBAR ASSURANCE PLC |
| 650 ## - SUBJECT ADDED ENTRY--TOPICAL TERM | |
| Topical term or geographic name entry element | COVENANTS AGAINST ASSIGNMENT |
| 650 ## - SUBJECT ADDED ENTRY--TOPICAL TERM | |
| Topical term or geographic name entry element | CONSENT TO SUBLET |
| 650 ## - SUBJECT ADDED ENTRY--TOPICAL TERM | |
| Topical term or geographic name entry element | UNDERLEASES |
| 690 ## - LOCAL SUBJECT ADDED ENTRY--TOPICAL TERM (OCLC, RLIN) | |
| Topical term or geographic name as entry element | LANDLORD AND TENANT-CASE LAW |
| 942 ## - ADDED ENTRY ELEMENTS (KOHA) | |
| Suppress in OPAC | 0 |
| Withdrawn status | Lost status | Source of classification or shelving scheme | Damaged status | Not for loan | Home library | Current library | Shelving location | Date acquired | Total Checkouts | Full call number | Barcode | Date last seen | Copy number | Price effective from | Koha item type |
|---|---|---|---|---|---|---|---|---|---|---|---|---|---|---|---|
| Dewey Decimal Classification | London | London | News article | 26/04/2001 | WB3716-15 | 112202-1001 | 06/08/2019 | 1 | 06/08/2019 | Law report |